| 000 | 00530nam a22001937a 4500 | ||
|---|---|---|---|
| 005 | 20241001100847.0 | ||
| 008 | 240924b |||||||| |||| 00| 0 eng d | ||
| 020 | _a978-1-292-16223-2 | ||
| 082 |
_a631.4 _bBRA-N |
||
| 100 | _aBrady, Nyle. C | ||
| 245 |
_aNature and Properties of Soils / _cby Nyle C. Brady |
||
| 250 | _a15th ed. | ||
| 260 |
_aNew York : _bMacmillan ; _c2017. |
||
| 300 |
_a540 p. : _c27cm _bill ; |
||
| 490 | _v1 | ||
| 500 | _aInclude Index. set of 2 books. | ||
| 650 | _aAgriculture / Soil | ||
| 999 |
_c36578 _d36578 |
||